04176cam a22004574i 4500003000900000005001700009008004100026020001800067035002700085040003300112049000900145082002000154100003300174245005700207264006400264300003900328336002100367337002500388338002300413490003200436505262700468526001003095526001003105526001003115526001003125526000803135526000803143526000803151526000803159526000803167526000803175526000803183630005103191630006303242910000703305942001203312949013603324999001703460980005503477952018603532PE-LiUPU20250731173336.0150706s r 000 0 d a9780664220846 a(Sirsi) i9780664220846 aPE-LiUPUbspacPE-LiUPUerda aPRUA04a221.07bOTL2211 aSweeney, Marvin A. ,eautor.10aI and II Kings :bA commentary /cMarvin A. Sweeney. 1aLouisville, Kentucky :bWestminster John Knox Press,c2007. a476 páginas ;c23 centímetros. atext2rdacontent aunmediated2rdamedia avolume2rdacarrier0 a(The Old Testament Library)0 aThe death of David and designation of Solomon as his successor: 1 kings 1: 1-2:11 -- Regnal account of Solomon ben David: 1Kings 2: 12-14:20 -- Regnal account of Rehoboam ben Solomon of Judah: 1 Kings 14:21-31 -- Regnal account of Abijam ben Rehoboam of Judah: 1 Kings 15:1-8 -- Regnal account of Asa ben Abijam of Judah: 1 Kings 15:9-24 -- Regnal account of Nadab ben Jeroboam of Israel: 1 Kings 15:25-32 -- Regnal account of Baasha ben Ahijah of Israel: 1 Kings 15:33-16:7 -- Regnal account of Elah ben Baasha of Israel: 1 Kings 16:8-14 -- Regnal account of Zimri of Israel: 1 Kings 16:15-22 -- Regnal account of Omri of Israel: 1 Kings 16: 23-28 -- Regnal account of Ahab ben Omri of Israel: 1 Kings 16:29-22:40 -- Regnal account of Jehoshaphat ben Asa of Judah: 1 Kings 22:41-51 -- Regnal account of Ahaziah ben Ahab of Israel: 1 Kings 22:52-2 Kings 2:25 -- Regnal account of Jehoram ben Ahab of Israel: 2 Kings 3:1-8:15 -- Regnal account of Jehoram ben Jehoshaphat of Judah: 2 Kings 8:16-24 -- Regnal account of Ahaziah ben Jehoram of Judah: 2 Kings 8:25-11:20 -- Regnal account of Jehoash ben Ahaziah of Judah: 2 Kings 12:1-22 -- Regnal account of Jehoahaz ben Jehu of Israel: 2 Kings 13:1-9 -- Regnal account of Jehoash ben Jehoahaz of Israel: 2 Kings 13:10-25 -- Regnal account of Amaziah ben Joash of Judah: 2 Kings 14:1-22 -- Regnal account of Jeroboam ben Joash Of Israel:14:23-29 -- Regnal account of Azariah (Uzziah) ben Amaziah of Judah: 2 Kings 15:1-7 -- Regnal account of Zechariah ben Jeroboam of Israel: 2 Kings 15:8-12 -- Regnal account of Shallum ben Jabesh of Israel: 2 Kings 15: 13-16 -- Regnal account of Menahen ben Gadi of Israel: 2 Kings 15:17-22 -- Regnal account of Pekahiah ben Menahem Of Israel: 2 Kings 15:23-26 -- Regnal account of Pekah ben Remaliah of Israel: 2 Kings 15:27-31 -- Regnal account of Jotham ben Uzziah of Judah: 2 Kings 15:32-38 -- Regnal account of Ahaz ben Jotham of Judah: 2 Kings 16:1-20 -- Regnal account of Hoshea ben Elah of Israel: 2 Kings 17:1-41 -- Regnal account of Hezekiah ben Ahaz of Judah: 18:1-20:21 -- Regnal account of Manasseh ben Hezekiah of Judah: 2 Kings 21:1-18 -- Regnal account of Amon ben Manasseh of Judah: 2 Kings 21:19-26 -- Regnal account of Josiah ben Amon of Judah: 2 Kings 22:1-23:30 -- Regnal account of Jehoahaz ben Josiah of Judah: 2 Kings 23:31-35 -- Regnal account of Jehoiakim ben Josiah of Judah: 2 Kings 23:36-24:7 -- Regnal account of Jehoiachin ben Jehoiakim of Judah: 2 Kings 24:8-17 -- Regnal account of Zedekiah ben Josiah of Judah and the consequences of his reign: The exile of Jerusalem and Judah: 2 Kings 24:18-25:30. aSEG42 aSEG41 aSEG40 aSEG39 aP94 aP87 aP86 aP85 aP77 aP76 aP35 aBiblia.pI ReyesxCrítica e interpretación 0aBiblia.pGálatasxCrítica, interpretación etc.91250 agl 2ddccBK a221.07 OTL 11wDEWEYc1i59775lCCODEBUL1mBULp37.00r0sYtBOOKu2015-7-6xTEOLOGIAzUNKNOWN0COMPRAo.STAFF. Colección General c49308d49308 81gALBERTO SANCHEZ Responsable de Automatización r2025-12-02 00:00:00i6l1o221.07 OTLp59775s2024-10-03te1v42.00w2015-07-06xPGyBKzinventario-2023-12-13102ddc3v1150708GENfP87aBULbBULcGENd2015-07-06eCOMPRAg37.00